Business Policy Managing Strategic Processes (Record no. 3006)

MARC details
000 -LEADER
fixed length control field 00367nam a22001457a 4500
008 - FIXED-LENGTH DATA ELEMENTS--GENERAL INFORMATION
fixed length control field 250415b |||||||| |||| 00| 0 eng d
020 ## - INTERNATIONAL STANDARD BOOK NUMBER
ISBN 0256115915
100 ## - MAIN ENTRY--AUTHOR
Author BOWER, Joseph
245 ## - TITLE STATEMENT
Title Business Policy Managing Strategic Processes
250 ## - EDITION STATEMENT
Edition statement 8th
260 ## - PUBLICATION, DISTRIBUTION, ETC. (IMPRINT)
Place of publication U.S.A
Name of publisher Richard D. Irwin
Date of publication 1995
300 ## - COLLATION
Pagination xviii, 885p.
942 ## - ADDED ENTRY ELEMENTS (KOHA)
Item type Books
050 ## - LIBRARY OF CONGRESS CALL NUMBER
Classification number HD2785
Item number .B78
Holdings
Source of classification or shelving scheme Not for loan Permanent location Current location Date acquired Accession No. Full call number Barcode. Koha item type
Library of Congress Classification   Samuel Ogbemudia Main Library, University of Abuja Samuel Ogbemudia Main Library, University of Abuja 04/15/2025 2009-39121 HD2785.B78 2025-1385 Books